Santas o mundanas: paradojas y coerciones en el consumo de las mujeres

Saved in:
Bibliografiske detaljer
Main Authors: Alcaíno Palma, Paula (Author), Gutiérrez, Paulina (Author)
Format: Bog
Sprog:spansk
Udgivet: Santiago Fundación Instituto de la Mujer 2005
Fag:
Tags: Tilføj Tag
Ingen Tags, Vær først til at tagge denne postø!

MARC

LEADER 00000nam a2200000 a 4500
001 UCJ1458
003 CL-VaPUC
008 061020e20050000CL |||||||||||||||||spa|d
020 |a 9567093350 
082 0 4 |a 305.4  |b ALC  |2 21 
100 0 |a Alcaíno Palma, Paula  |e author  |9 502098 
700 0 |a Gutiérrez, Paulina  |e author  |9 502099 
245 1 0 |a Santas o mundanas: paradojas y coerciones en el consumo de las mujeres 
300 |a 150 p 
942 |c BK 
945 |d 20061020 00:00:00  |a cmena 
260 |a Santiago  |b Fundación Instituto de la Mujer  |c 2005 
650 0 |a Mujeres  |9 257649 
650 0 |a Participación social  |9 256140 
650 0 |a Discriminación social  |9 323032 
650 0 |a Consumo  |9 333893 
650 0 |a Cambio social   |9 256857 
583 |a last modification  |c 20190710 06:12:10  |k Rodrigo Vera 
999 |c 318042  |d 318040 
952 |0 0  |1 0  |4 0  |6 305_400000000000000_ALC_2005  |7 0  |8 A  |9 395252  |a BIBCUR  |b BIBCUR  |d 2019-11-22  |i 4289455  |o 305.4 ALC 2005  |p 4289455  |r 2025-04-22  |w 2019-11-22  |y BK  |k PER